MyGZULibrary

Principles of supply chain management / (Record no. 7088)

MARC details
000 -LEADER
fixed length control field 03189cam a2200373 a 4500
001 - CONTROL NUMBER
control field 15781120
003 - CONTROL NUMBER IDENTIFIER
control field GZU
005 - DATE AND TIME OF LATEST TRANSACTION
control field 20210505090629.0
008 - FIXED-LENGTH DATA ELEMENTS--GENERAL INFORMATION
fixed length control field 090618s2010 flua b 001 0 eng
010 ## - LIBRARY OF CONGRESS CONTROL NUMBER
LC control number 2009024736
015 ## - NATIONAL BIBLIOGRAPHY NUMBER
National bibliography number GBA991297
Source bnb
016 7# - NATIONAL BIBLIOGRAPHIC AGENCY CONTROL NUMBER
Record control number 015371582
Source Uk
020 ## - INTERNATIONAL STANDARD BOOK NUMBER
International Standard Book Number 9781420091076
020 ## - INTERNATIONAL STANDARD BOOK NUMBER
International Standard Book Number 1420091077
035 ## - SYSTEM CONTROL NUMBER
System control number (OCoLC)ocn229022799
040 ## - CATALOGING SOURCE
Original cataloging agency DLC
Transcribing agency DLC
Modifying agency BTCTA
-- BAKER
-- YDXCP
-- C#P
-- CDX
-- BWX
-- UKM
-- UPM
-- DLC
050 00 - LIBRARY OF CONGRESS CALL NUMBER
Classification number HD38.5
Item number .CRA 2010
100 1# - MAIN ENTRY--PERSONAL NAME
Personal name Crandall, Richard E.,
Dates associated with a name 1930-
Relator term author
245 10 - TITLE STATEMENT
Title Principles of supply chain management /
Statement of responsibility, etc. Richard E. Crandall, William R. Crandall, Charlie C. Chen.
260 ## - PUBLICATION, DISTRIBUTION, ETC.
Place of publication, distribution, etc. Boca Raton :
Name of publisher, distributor, etc. CRC Press/Taylor & Francis Group,
Date of publication, distribution, etc. c2010.
300 ## - PHYSICAL DESCRIPTION
Extent 1, 595 p. :
Other physical details ill. ;
Dimensions 25 cm.
490 0# - SERIES STATEMENT
Series statement Series on resource management
504 ## - BIBLIOGRAPHY, ETC. NOTE
Bibliography, etc. note Includes bibliographical references and index.
505 0# - FORMATTED CONTENTS NOTE
Formatted contents note Evolution of supply chains -- Supply chains as a system -- Determining customer needs -- Distribution and retailing -- Production and service processes -- Procurement/purchasing -- Reverse supply chains -- The need to integrate -- Why integration is difficult -- How to build an integrated supply chain -- Information flow along the supply chain -- Funds flow along the supply chain -- ROI for supply chains and other issues -- Trends in supply chain development and management -- Preparation for the future.
520 1# - SUMMARY, ETC.
Summary, etc. "An increasingly global business landscape means that even the smallest of companies must contend with a growing base of international suppliers and customers. With that comes myriad technical, organizational, and cultural changes that challenge traditional management practices. Regardless of the means taken to address these challenges, all companies will eventually have to synchronize the flow of their products, information, and funds." "Going beyond the usual supply chain text, Principles of Supply Chain Management not only details the individual components of the supply chain but also illustrates how the pieces must come together for an effective supply chain." "Focusing on the customer and working backwards through distribution, manufacturing, and the extractive industries of mining and agriculture, the text provides numerous examples and case histories to outline a proven approach for achieving effective supply chain integration. This self-contained resource provides readers with a realistic appraisal of the state of the art in supply chain management and the understanding needed to build and manage effective supply chains in a wide-range of industries. Most importantly, it emphasizes the need for building and maintaining cooperation and collaboration among all members of the supply chain."--BOOK JACKET.
650 #0 - SUBJECT ADDED ENTRY--TOPICAL TERM
Topical term or geographic name entry element Business logistics.
650 #0 - SUBJECT ADDED ENTRY--TOPICAL TERM
Topical term or geographic name entry element Physical distribution of goods
General subdivision Management.
650 #0 - SUBJECT ADDED ENTRY--TOPICAL TERM
Topical term or geographic name entry element Marketing channels
General subdivision Management.
700 1# - ADDED ENTRY--PERSONAL NAME
Personal name Crandall, William,
Dates associated with a name 1956-
Relator term author
700 1# - ADDED ENTRY--PERSONAL NAME
Personal name Chen, Charlie C.,
Titles and other words associated with a name Ph. D.
Dates associated with a name author
856 42 - ELECTRONIC LOCATION AND ACCESS
Materials specified Contributor biographical information
Uniform Resource Identifier <a href="http://www.loc.gov/catdir/enhancements/fy1114/2009024736-b.html">http://www.loc.gov/catdir/enhancements/fy1114/2009024736-b.html</a>
906 ## - LOCAL DATA ELEMENT F, LDF (RLIN)
a 7
b cbc
c orignew
d 1
e ecip
f 20
g y-gencatlg
942 ## - ADDED ENTRY ELEMENTS (KOHA)
Source of classification or shelving scheme Library of Congress Classification
Koha item type Books
Classification part 38.5
Item part CRA
Call number prefix HD
Holdings
Withdrawn status Lost status Source of classification or shelving scheme Damaged status Not for loan Collection code Home library Current library Shelving location Date acquired Inventory number Total Checkouts Full call number Barcode Date last seen Copy number Price effective from Koha item type
    Library of Congress Classification     Non-fiction Mashava Campus Library Mashava Campus Library General Stacks 05/05/2021 14148   HD38.5 CRA 2010 010111 05/05/2021 c. 1 05/05/2021 Books
    Library of Congress Classification     Non-fiction Mashava Campus Library Mashava Campus Library General Stacks 05/05/2021 14146   HD38.5 CRA 2010 010109 05/05/2021 c. 2 05/05/2021 Books
    Library of Congress Classification     Non-fiction Mashava Campus Library Mashava Campus Library General Stacks 05/05/2021 14147   HD38.5 CRA 2010 010110 05/05/2021 c. 3 05/05/2021 Books
          Non-fiction Mashava Campus Library Mashava Campus Library General Stacks 05/21/2021 3771   HF5415. 13 WOR 2001 3771 05/21/2021 c.4 05/21/2021 Books